Luidji - Boscolo Exedra - Statistiques

Statistiques générales
  • Ce quiz a été pris 20 fois
  • Le résultat moyen est 5 sur 6
Statistiques - réponses
Réponse % Correct
Le Rouge
100%
Sirène
93%
Boscolo Exedra
86%
Manège
86%
Mauvaise nouvelle
86%
Machine à décevoir
21%
Aucun quiz correspondant
Distribution des résultats
% des personnes avec chaque résultat
Percentile par nombre de réponses
Votre historique - résultats
Vous n’avez pas pris ce quiz